| 000 | 00464nam a22001337a 4500 | ||
|---|---|---|---|
| 020 | _a9781484292907 | ||
| 082 | _a280 SCB | ||
| 100 | _aCardwell, Kevin | ||
| 245 |
_aTactical Wireshark A Deep Dive into Intrusion Analysis, Malware Incidents, and Extraction of Forensic Evidence / _cKevin Cardwell |
||
| 260 |
_aNew York : _bApress Media, _c2023. |
||
| 300 | _a445 p. ; | ||
| 856 | _uhttp://10.250.8.41:8080/xmlui/handle/123456789/47280 | ||
| 942 |
_2ddc _cBK |
||
| 999 |
_c612106 _d612106 |
||